[Event "NBSB-chA"]
[Site "Roosendaal"]
[Date "2009.08.30"]
[Round "5"]
[White "Dankers, Peter"]
[Black "Colijn, Stefan"]
[Result "1/2-1/2"]
[WhiteElo "2075"]
[BlackElo "2250"]
[PlyCount "96"]
[EventDate "2009.08.28"]
[EventType "swiss (rapid)"]
[EventRounds "6"]
[EventCountry "NED"]
[SourceTitle "CBM 132 Extra"]
[Source "ChessBase"]
[SourceDate "2009.11.03"]
[SourceVersion "1"]
[SourceVersionDate "2009.11.03"]
[SourceQuality "1"]

1. d4 d5 2. Bf4 Nf6 3. e3 Nbd7 4. c4 e6 5. Nc3 c6 6. Rc1 dxc4 7. Bxc4 b5 8. Bb3 Bb7 9. Qf3 a6 10. Nge2 Be7 11. e4 c5 12. d5 e5 13. Be3 c4 14. Bd1 Nc5 15. Bc2 b4 16. Na4 Nfxe4 17. Bxe4 Nxa4 18. d6 Bxe4 19. Qxe4 Nxb2 20. dxe7 Nd3+ 21. Kf1 Qd7 22. Qxa8+ Kxe7 23. Qe4 Rc8 24. Rd1 Qa4 25. Ra1 Rc7 26. g3 b3 27. Kg2 b2 28. Rab1 Qc2 29. Kf3 f5 30. Qh4+ Ke8 31. Qxh7 Rf7 32. Qg6 e4+ 33. Kg2 Qxe2 34. Qe6+ Kf8 35. Qc8+ Ke7 36. Bg5+ Kd6 37. Rhd1 Qxf2+ 38. Kh3 Qc5 39. Bf4+ Kd5 40. Qd8+ Ke6 41. Rxb2 Ra7 42. Rb6+ Kf7 43. Rxd3 cxd3 44. Rb8 Kg6 45. Rb6+ Kf7 46. Rb8 Kg6 47. Rb6+ Kf7 48. Rb8 Kg6 1/2-1/2